| 000 | 00445cam a2200169ua 4500 | ||
|---|---|---|---|
| 041 |
_aeng _h |
||
| 082 |
_a823.308 _bMAR/CH |
||
| 100 | _aMarryat, Captain . | ||
| 245 |
_aChildren of the New forest / _cCaptain Marryat. _hTextual Documents |
||
| 260 |
_aLondon : _bGinn and co.ltd , _c1962. |
||
| 300 | _a152 ; . | ||
| 440 | 0 |
_aShorter classics, _v _x; |
|
| 490 | 0 |
_aShorter classics, _v _x; |
|
| 504 | _a | ||
| 942 | _cBK | ||
| 999 |
_c841 _d841 |
||